Central Library OPAC University of Rajshahi

Guided wave optics selected topics / (Record no. 66363)

MARC details
000 -LEADER
fixed length control field 00775nam a2200265 a 4500
001 - CONTROL NUMBER
control field 66363
003 - CONTROL NUMBER IDENTIFIER
rucl marc code BD-RjUL
005 - DATE AND TIME OF LATEST TRANSACTION
control field 20211209081531.0
008 - FIXED-LENGTH DATA ELEMENTS--GENERAL INFORMATION
fixed length control field 170315s2005 ii ||||| |||| 001 0 eng d
020 ## - INTERNATIONAL STANDARD BOOK NUMBER
International Standard Book Number 8130932164
035 ## - SYSTEM CONTROL NUMBER
System control number (BD-RjUL)66493
040 ## - CATALOGING SOURCE
Original cataloging agency BD-RjUL
Language of cataloging eng
Transcribing agency BD-RjUL
041 ## - LANGUAGE CODE
Language code of text/sound track or separate title eng
082 ## - DEWEY DECIMAL CLASSIFICATION NUMBER
Edition number 23
Classification number 621.3693
Author mark and year GUI 2005
245 ## - TITLE STATEMENT
Title Guided wave optics selected topics /
Statement of responsibility, etc. edited by Anurag Sharma
260 ## - PUBLICATION, DISTRIBUTION, ETC. (IMPRINT)
Place of publication, distribution, etc. New Delhi :
Name of publisher, distributor, etc. Viva books private limited,
Date of publication, distribution, etc. 2005
300 ## - PHYSICAL DESCRIPTION
Pagination ix, 274 p. :
Illustrations ill. ;
Size 23 cm.
500 ## - GENERAL NOTE
General note Includes index.
650 ## - SUBJECT ADDED ENTRY--TOPICAL TERM
Topical term or geographic name as entry element Optical wave guides
9 (RLIN) 196159
Topical term or geographic name as entry element Integrated optics
9 (RLIN) 196395
Topical term or geographic name as entry element Lasers
9 (RLIN) 196396
Topical term or geographic name as entry element Computer engineering
9 (RLIN) 195036
700 ## - ADDED ENTRY--PERSONAL NAME
Personal name Sharma, Anurag
942 ## - ADDED ENTRY ELEMENTS (KOHA)
Source of classification or shelving scheme Dewey Decimal Classification
Koha item type Books
Holdings
Lost status Source of classification or shelving scheme Damaged status Not for loan Collection code Permanent Location Current Location Shelving location Date acquired Source of acquisition Cost, normal purchase price Total Checkouts Full call number Date last seen Copy number Koha item type
  Dewey Decimal Classification   Not For Loan Non-fiction Central Library, University of Rajshahi Central Library, University of Rajshahi Reading Room 20/12/2005 Paragon Enterprises Dhaka 495.00   621.3693 GUI 2005 15/03/2017 C-1 Books